[Event "4NCL Division 3 North"]
[Site "Doncaster, ENG"]
[Date "2018.05.06"]
[Round "10.46"]
[White "Gardiner, Eric D"]
[Black "Levens, David G"]
[Result "1-0"]
[WhiteElo "1975"]
[BlackElo "1928"]
[PlyCount "81"]
[EventDate "2018.05.06"]
[WhiteTeam "Bradford DCA Knights A"]
[BlackTeam "Ashfield-Breadsall 1"]

1. d4 e6 2. e4 d5 3. e5 c5 4. c3 Nc6 5. Nf3 Qb6 6. a3 Bd7 7. b4 cxd4 8. cxd4
Rc8 9. Be2 Be7 10. O-O f5 11. Ra2 Qd8 12. Rc2 g5 13. b5 Na5 14. Rxc8 Bxc8 15.
Nc3 g4 16. Ne1 h5 17. Nd3 Nc4 18. Nc5 b6 19. Bxc4 bxc5 20. Be2 Qa5 21. Bb2 cxd4
22. Qxd4 Bb7 23. Na4 Nh6 24. Bc3 Qc7 25. Qxa7 O-O 26. Ba5 Qxe5 27. Bc3 Qb8 28.
Qd4 Bf6 29. Qe3 Bxc3 30. Qxe6+ Kg7 31. Nxc3 Rf6 32. Qe7+ Nf7 33. Rd1 Qa8 34.
Bf1 h4 35. Ne2 f4 36. Nd4 Qc8 37. Re1 g3 38. Ne6+ Kg6 39. Bd3+ Kh5 40. Qxf6
gxf2+ 41. Kxf2 1-0

[Event "4NCL Division 3 North"]
[Site "Doncaster, ENG"]
[Date "2018.05.06"]
[Round "10.51"]
[White "Sullivan, Daniel"]
[Black "Bimpson, Tom"]
[Result "1/2-1/2"]
[WhiteElo "1954"]
[BlackElo "1994"]
[PlyCount "77"]
[EventDate "2018.05.06"]
[WhiteTeam "Bradford DCA Knights B"]
[BlackTeam "Spirit of Atticus B"]

1. d4 d6 2. Nf3 Nf6 3. c4 Nbd7 4. Nc3 e5 5. e4 c6 6. Be2 Be7 7. O-O O-O 8. Be3
Re8 9. d5 Qc7 10. Rc1 a5 11. Qc2 Ng4 12. Bd2 Nf8 13. a3 Ng6 14. g3 c5 15. Rfe1
Rf8 16. h3 Nf6 17. Bf1 Nh5 18. Qd1 Nf6 19. Qc2 h6 20. Rb1 Nh7 21. Be3 Ng5 22.
Nxg5 Bxg5 23. Bg2 Qe7 24. Qd2 Bxe3 25. Rxe3 f5 26. exf5 Bxf5 27. Be4 Bxe4 28.
Nxe4 Qd7 29. b4 axb4 30. axb4 b6 31. bxc5 bxc5 32. Kg2 Ne7 33. Reb3 Nf5 34. Rb7
Qa4 35. Qe2 Rad8 36. Qg4 Rd7 37. Rxd7 Qxd7 38. Rb8 Qf7 39. Rxf8+ 1/2-1/2

[Event "4NCL Division 3 North"]
[Site "Doncaster, ENG"]
[Date "2018.05.06"]
[Round "10.52"]
[White "Powell, Lloyd"]
[Black "Bak, Andrew"]
[Result "1/2-1/2"]
[WhiteElo "2064"]
[BlackElo "1996"]
[PlyCount "54"]
[EventDate "2018.05.06"]
[WhiteTeam "Spirit of Atticus B"]
[BlackTeam "Bradford DCA Knights B"]

1. d4 d5 2. c4 e6 3. Nf3 Nf6 4. g3 dxc4 5. Bg2 Be7 6. O-O O-O 7. Qc2 a6 8. a4
Nc6 9. Qxc4 Qd5 10. Qc2 Qe4 11. Qxe4 Nxe4 12. Nc3 Nd6 13. Rd1 Nc4 14. b3 N4a5
15. Rb1 Nb4 16. Bf4 c5 17. dxc5 Bxc5 18. Ne4 Be7 19. Bd6 Bxd6 20. Nxd6 Nd5 21.
Rd3 Rd8 22. Nc4 Nc6 23. Nfe5 Ncb4 24. Rd2 f6 25. e4 fxe5 26. exd5 exd5 27. Nb6
Rb8 1/2-1/2

[Event "4NCL Division 3 North"]
[Site "Doncaster, ENG"]
[Date "2018.05.06"]
[Round "10.53"]
[White "Patrick, David A"]
[Black "Johnson, Michael D"]
[Result "1-0"]
[WhiteElo "1888"]
[BlackElo "1983"]
[PlyCount "123"]
[EventDate "2018.05.06"]
[WhiteTeam "Bradford DCA Knights B"]
[BlackTeam "Spirit of Atticus B"]

1. e4 e6 2. d4 d5 3. exd5 exd5 4. Bd3 Nf6 5. Bg5 Be7 6. Nf3 Bg4 7. Nbd2 Nbd7 8.
c3 c6 9. Qb3 Bxf3 10. Nxf3 Qb6 11. Qxb6 axb6 12. O-O O-O 13. Ne5 Rfe8 14. Bf5
Nf8 15. Rfe1 g6 16. Bc2 Kg7 17. a3 Ng8 18. Bd2 f6 19. Nd3 Bd6 20. Rxe8 Rxe8 21.
Re1 Rxe1+ 22. Bxe1 b5 23. Bd2 Ne6 24. g3 Ne7 25. Bd1 Nc8 26. b4 Nb6 27. Nb2 f5
28. a4 bxa4 29. Bxa4 Nxa4 30. Nxa4 b5 31. Nb2 Kf6 32. h4 f4 33. Kg2 Kf5 34. Kf3
fxg3 35. fxg3 h5 36. Nd3 Nf8 37. Bf4 Bxf4 38. gxf4 Ne6 39. Ne5 Nxf4 40. Nxc6
Nd3 41. Ne7+ Ke6 42. Nxg6 Kf5 43. Ne7+ Ke6 44. Nc6 Kf5 45. Na7 Ne1+ 46. Kg3 Nd3
47. Nxb5 Nb2 48. Nc7 Ke4 49. Ne6 Nc4 50. Nf4 Nd6 51. Nxh5 Kf5 52. Kf3 Nb5 53.
Ng3+ Kf6 54. Ne2 Kf5 55. h5 Nc7 56. Nf4 Kg5 57. Ke3 Kf5 58. h6 Kf6 59. Kf3 Kf7
60. Kg4 Kf6 61. Kh5 Kf7 62. Kg5 1-0

[Event "4NCL Division 3 North"]
[Site "Doncaster, ENG"]
[Date "2018.05.06"]
[Round "10.54"]
[White "Mort, Andrew J"]
[Black "Slinger, Tony J"]
[Result "0-1"]
[WhiteElo "1877"]
[BlackElo "1869"]
[PlyCount "44"]
[EventDate "2018.05.06"]
[WhiteTeam "Spirit of Atticus B"]
[BlackTeam "Bradford DCA Knights B"]

1. c4 e6 2. g3 d5 3. Bg2 Nf6 4. Nf3 dxc4 5. O-O Nc6 6. Qa4 Bd7 7. Qxc4 a6 8. d4
Bd6 9. Nc3 Rb8 10. a4 h6 11. e4 e5 12. dxe5 Nxe5 13. Nxe5 Bxe5 14. f4 Be6 15.
Qe2 Bd4+ 16. Kh1 O-O 17. f5 Bd7 18. Bf4 Re8 19. Rad1 Be5 20. Nd5 Bxa4 21. Nxf6+
Qxf6 22. Bxe5 Rxe5 0-1

[Event "4NCL Division 3 North"]
[Site "Doncaster, ENG"]
[Date "2018.05.06"]
[Round "10.55"]
[White "McCarthy, Damian"]
[Black "Cooper, John G"]
[Result "1/2-1/2"]
[WhiteElo "1845"]
[BlackElo "1923"]
[PlyCount "45"]
[EventDate "2018.05.06"]
[WhiteTeam "Bradford DCA Knights B"]
[BlackTeam "Spirit of Atticus B"]

1. e4 c5 2. Nc3 e6 3. f4 d5 4. Nf3 Nc6 5. Bb5 Nf6 6. exd5 exd5 7. Qe2+ Be7 8.
Ne5 Bd7 9. Bxc6 Bxc6 10. Nxc6 bxc6 11. d3 O-O 12. O-O Re8 13. Qf3 Rb8 14. b3
Nd7 15. Na4 Bf6 16. Rb1 Nb6 17. Nxb6 axb6 18. Bd2 Bd4+ 19. Kh1 Qf6 20. a4 Re7
21. Rbe1 Rbe8 22. g3 g6 23. Kg2 1/2-1/2

[Event "4NCL Division 3 North"]
[Site "Doncaster, ENG"]
[Date "2018.05.06"]
[Round "10.56"]
[White "Bromley, Graham J"]
[Black "Dean, Robert A"]
[Result "0-1"]
[WhiteElo "1900"]
[BlackElo "1851"]
[PlyCount "70"]
[EventDate "2018.05.06"]
[WhiteTeam "Spirit of Atticus B"]
[BlackTeam "Bradford DCA Knights B"]

1. e4 e6 2. d4 d5 3. Nc3 Bb4 4. e5 c5 5. a3 Bxc3+ 6. bxc3 Ne7 7. Qg4 Nbc6 8.
Qxg7 Rg8 9. Qxh7 cxd4 10. f4 Qa5 11. Ne2 dxc3 12. Rb1 b6 13. Ng3 Ba6 14. Bd3
Bxd3 15. Qxd3 O-O-O 16. O-O Qc5+ 17. Be3 Qc4 18. Qxc4 dxc4 19. Ne4 Nf5 20. Bf2
Ncd4 21. Nd6+ Nxd6 22. Bxd4 Ne4 23. Be3 Nd2 24. Bxd2 cxd2 25. Rbd1 Rd5 26. Rf3
Rgd8 27. Kf2 b5 28. g4 a5 29. h4 b4 30. h5 c3 31. h6 Rc5 32. h7 Rh8 33. axb4
axb4 34. Rb1 b3 35. Ra1 Rxh7 0-1

[Event "4NCL Division 3 North"]
[Site "Doncaster, ENG"]
[Date "2018.05.06"]
[Round "10.61"]
[White "Collins, Richard A"]
[Black "Lyth, John D"]
[Result "1/2-1/2"]
[WhiteElo "1900"]
[BlackElo "1990"]
[PlyCount "24"]
[EventDate "2018.05.06"]
[WhiteTeam "Manchester Manticores 3"]
[BlackTeam "Manchester Manticores 2"]

1. Nf3 d5 2. e4 dxe4 3. Ng5 Nf6 4. Bc4 e6 5. Nc3 Be7 6. Ngxe4 Nbd7 7. d4 O-O 8.
O-O Nxe4 9. Nxe4 Nf6 10. Nxf6+ Bxf6 11. c3 Bd7 12. Bf4 Bc6 1/2-1/2

[Event "4NCL Division 3 North"]
[Site "Doncaster, ENG"]
[Date "2018.05.06"]
[Round "10.62"]
[White "Timson, Paul F"]
[Black "Lonsdale, Jon I"]
[Result "1/2-1/2"]
[WhiteElo "1952"]
[BlackElo "1855"]
[PlyCount "25"]
[EventDate "2018.05.06"]
[WhiteTeam "Manchester Manticores 2"]
[BlackTeam "Manchester Manticores 3"]

1. d4 Nf6 2. c4 c5 3. d5 b5 4. cxb5 a6 5. b6 g6 6. Nc3 d6 7. Nf3 Bg7 8. e4 Qxb6
9. Nd2 O-O 10. Be2 a5 11. Nc4 Qb4 12. a3 Qb7 13. O-O 1/2-1/2

[Event "4NCL Division 3 North"]
[Site "Doncaster, ENG"]
[Date "2018.05.06"]
[Round "10.63"]
[White "Potter, Steven"]
[Black "Webster, Richard J"]
[Result "0-1"]
[WhiteElo "1840"]
[BlackElo "1982"]
[PlyCount "56"]
[EventDate "2018.05.06"]
[WhiteTeam "Manchester Manticores 3"]
[BlackTeam "Manchester Manticores 2"]

1. d4 d5 2. Bg5 f6 3. Bf4 c5 4. e3 Nc6 5. Bd3 Be6 6. c3 Bf7 7. Nf3 e6 8. O-O g5
9. Bg3 h5 10. h4 Nh6 11. hxg5 fxg5 12. Ne5 Bg7 13. Nxf7 Nxf7 14. Bg6 h4 15. Bh2
Qf6 16. Bxf7+ Qxf7 17. dxc5 Qf5 18. Nd2 g4 19. Bd6 O-O-O 20. Qa4 a6 21. Nb3 h3
22. Qf4 Qh5 23. f3 hxg2 24. Kxg2 Be5 25. Bxe5 Nxe5 26. Rad1 gxf3+ 27. Kf2 Rdf8
28. Qa4 Qh2+ 0-1

[Event "4NCL Division 3 North"]
[Site "Doncaster, ENG"]
[Date "2018.05.06"]
[Round "10.64"]
[White "Hilton, Tim"]
[Black "Livesey, R Nigel"]
[Result "1/2-1/2"]
[WhiteElo "1997"]
[BlackElo "1780"]
[PlyCount "100"]
[EventDate "2018.05.06"]
[WhiteTeam "Manchester Manticores 2"]
[BlackTeam "Manchester Manticores 3"]

1. c4 e6 2. g3 d5 3. Bg2 Nf6 4. Nf3 Be7 5. O-O O-O 6. b3 Nbd7 7. Bb2 b6 8. d3
Bb7 9. Nbd2 c5 10. cxd5 Bxd5 11. Re1 Rc8 12. Nf1 Bb7 13. e4 Qc7 14. e5 Nd5 15.
a3 Qb8 16. h4 Rfd8 17. N1h2 b5 18. Rc1 N7b6 19. Ng5 Bxg5 20. hxg5 c4 21. Ng4
cxd3 22. Qd2 Ne7 23. Nf6+ Kf8 24. Nxh7+ Ke8 25. Rxc8 Qxc8 26. Rc1 Qa8 27. Bh3
Qb8 28. Qb4 a6 29. f4 Nbd5 30. Qc5 Rc8 31. Qf2 Rxc1+ 32. Bxc1 Qc7 33. Bd2 Qc2
34. g4 Nc3 35. Bg2 Ne4 36. Qa7 Qc5+ 37. Qxc5 Nxc5 38. Bxb7 Nxb7 39. Kf2 Nc5 40.
b4 Ne4+ 41. Ke3 Nxd2 42. Kxd2 Ng6 43. Kxd3 Nxf4+ 44. Kd4 Ng6 45. Ke4 Kd7 46.
Kd4 Kc6 47. Ke4 Kb6 48. Kd4 a5 49. Ke4 axb4 50. axb4 Kc6 1/2-1/2

[Event "4NCL Division 3 North"]
[Site "Doncaster, ENG"]
[Date "2018.05.06"]
[Round "10.65"]
[White "Gawne, Martin"]
[Black "Altham, John T"]
[Result "0-1"]
[WhiteElo "1817"]
[BlackElo "1892"]
[PlyCount "96"]
[EventDate "2018.05.06"]
[WhiteTeam "Manchester Manticores 3"]
[BlackTeam "Manchester Manticores 2"]

1. Nf3 d6 2. g3 Nd7 3. Bg2 Ngf6 4. d4 e5 5. c4 Be7 6. O-O O-O 7. Nc3 c6 8. e4
Qc7 9. h3 Re8 10. Be3 Nf8 11. Nh4 g6 12. f4 Nh5 13. Qf3 Bxh4 14. gxh4 Nxf4 15.
Bxf4 exf4 16. Qxf4 Ne6 17. Qe3 Qe7 18. Qf2 Ng7 19. Rae1 Be6 20. Nd5 cxd5 21.
exd5 Nf5 22. dxe6 fxe6 23. Re4 Qc7 24. d5 e5 25. h5 Rf8 26. hxg6 hxg6 27. Rg4
Ne7 28. Qe3 Qb6 29. Rxf8+ Kxf8 30. Qf2+ Qxf2+ 31. Kxf2 Kf7 32. b4 Rc8 33. a4 b6
34. Be4 Kf6 35. Bd3 Rh8 36. Rg3 Rh4 37. Bf1 Nf5 38. Ra3 Rf4+ 39. Ke1 Nd4 40.
Ra2 Re4+ 41. Kd1 Nf5 42. Rf2 Ke7 43. Be2 Ne3+ 44. Kd2 Nxc4+ 45. Kc3 b5 46. axb5
Nb6 47. Bd3 Nxd5+ 48. Kd2 Rd4 0-1

[Event "4NCL Division 3 North"]
[Site "Doncaster, ENG"]
[Date "2018.05.06"]
[Round "10.66"]
[White "Jones, Neil T"]
[Black "Pardoe, David"]
[Result "1-0"]
[WhiteElo "1862"]
[BlackElo "1765"]
[PlyCount "35"]
[EventDate "2018.05.06"]
[WhiteTeam "Manchester Manticores 2"]
[BlackTeam "Manchester Manticores 3"]

1. e4 d5 2. exd5 Qxd5 3. Nc3 Qa5 4. d4 c6 5. Nf3 Bf5 6. Ne5 Nf6 7. Bf4 e6 8.
Bd3 Bg6 9. Qe2 Bb4 10. Bd2 Qc7 11. O-O Bxd3 12. Qxd3 Nbd7 13. Rae1 Nb6 14. Nb5
cxb5 15. Qxb5+ Nfd7 16. Bxb4 Qxc2 17. Nxd7 Nxd7 18. Qg5 1-0

[Event "4NCL Division 3 North"]
[Site "Doncaster, ENG"]
[Date "2018.05.06"]
[Round "10.71"]
[White "Flynn, David"]
[Black "White, Mark W"]
[Result "1/2-1/2"]
[WhiteElo "1864"]
[BlackElo "2027"]
[PlyCount "103"]
[EventDate "2018.05.06"]
[WhiteTeam "Ashfield-Breadsall 2"]
[BlackTeam "Jorvik"]

1. e4 c5 2. c3 d5 3. exd5 Qxd5 4. d4 Nf6 5. Nf3 e6 6. Na3 cxd4 7. Nb5 Na6 8.
Nbxd4 Nc7 9. Bd3 Bd6 10. O-O O-O 11. Qe2 Qh5 12. Re1 Bd7 13. Ne5 Qxe2 14. Rxe2
h6 15. Nxd7 Nxd7 16. Nb5 Nxb5 17. Bxb5 Nf6 18. h3 Rfd8 19. Be3 Nd5 20. Bd4 a6
21. Bc4 Nf4 22. Rd2 b5 23. Bf1 Nd5 24. Re1 Rac8 25. g3 Bb8 26. a4 Nc7 27. axb5
axb5 28. Ra1 Rd6 29. Rc2 Rcd8 30. b4 Rd5 31. Bg2 R5d6 32. Ra5 f6 33. Bf1 Rc8
34. Bxb5 Nxb5 35. Rxb5 Rxd4 36. cxd4 Rxc2 37. Rxb8+ Kf7 38. b5 Rd2 39. Rd8 e5
40. d5 Ke7 41. Rg8 Kf7 42. Rb8 Rxd5 43. b6 Rb5 44. b7 Kg6 45. Kg2 Kf5 46. Kf3
Rb3+ 47. Ke2 g5 48. g4+ Ke4 49. Rf8 Rb2+ 50. Kf1 Rxb7 51. Rxf6 Rh7 52. Kg2
1/2-1/2

[Event "4NCL Division 3 North"]
[Site "Doncaster, ENG"]
[Date "2018.05.06"]
[Round "10.72"]
[White "Hodge, Steve R"]
[Black "Taylor, Robert P"]
[Result "1-0"]
[WhiteElo "2042"]
[BlackElo "1787"]
[PlyCount "57"]
[EventDate "2018.05.06"]
[WhiteTeam "Jorvik"]
[BlackTeam "Ashfield-Breadsall 2"]

1. e4 Nc6 2. Nf3 f5 3. exf5 d5 4. d4 Bxf5 5. Bd3 Bxd3 6. Qxd3 Nf6 7. O-O g6 8.
Re1 Ne4 9. Nbd2 Nxd2 10. Bxd2 Bg7 11. Ng5 e5 12. Ne6 Qe7 13. Qh3 e4 14. c3 Bf6
15. Bf4 Kf7 16. Nxc7 Rad8 17. f3 Rd7 18. fxe4 dxe4 19. d5 Ne5 20. Qe6+ Kg7 21.
Qxe7+ Rxe7 22. d6 Rd7 23. Rxe4 Nd3 24. Bg3 Nxb2 25. Ne8+ Rxe8 26. Rxe8 Bxc3 27.
Rb1 Kf7 28. Re4 b5 29. Rf1+ 1-0

[Event "4NCL Division 3 North"]
[Site "Doncaster, ENG"]
[Date "2018.05.06"]
[Round "10.73"]
[White "Hill, Maurice J"]
[Black "Mounce, Richard B"]
[Result "1/2-1/2"]
[WhiteElo "1771"]
[BlackElo "1967"]
[PlyCount "43"]
[EventDate "2018.05.06"]
[WhiteTeam "Ashfield-Breadsall 2"]
[BlackTeam "Jorvik"]

1. g3 d5 2. Nf3 c5 3. Bg2 Nc6 4. d4 cxd4 5. Nxd4 e5 6. Nxc6 bxc6 7. c4 Nf6 8.
Nc3 Bb7 9. Bg5 Bc5 10. O-O d4 11. Ne4 Be7 12. Qa4 Nxe4 13. Bxe7 Qxe7 14. Bxe4
Qc7 15. c5 O-O 16. e3 f5 17. Bd3 dxe3 18. fxe3 Bc8 19. Qc2 e4 20. Bc4+ Kh8 21.
Qc3 Qe7 22. b4 1/2-1/2

[Event "4NCL Division 3 North"]
[Site "Doncaster, ENG"]
[Date "2018.05.06"]
[Round "10.74"]
[White "Carpenter, James M"]
[Black "Graham, Neil"]
[Result "1-0"]
[WhiteElo "1937"]
[BlackElo "1782"]
[PlyCount "57"]
[EventDate "2018.05.06"]
[WhiteTeam "Jorvik"]
[BlackTeam "Ashfield-Breadsall 2"]

1. e4 e5 2. Nf3 Nf6 3. Nc3 Nc6 4. Bb5 Nd4 5. Bc4 Nxf3+ 6. Qxf3 d6 7. h3 Be7 8.
d3 c6 9. g4 Be6 10. Bxe6 fxe6 11. g5 Nd7 12. h4 Nf8 13. Be3 d5 14. d4 Nd7 15.
g6 Bf6 16. O-O-O exd4 17. Bxd4 e5 18. exd5 O-O 19. gxh7+ Kxh7 20. Qe4+ Kh8 21.
Be3 Qc7 22. dxc6 bxc6 23. Qg4 Nb6 24. Ne4 Qf7 25. Ng5 Qe8 26. Qe4 g6 27. h5
Bxg5 28. hxg6+ Kg8 29. Bxg5 1-0

[Event "4NCL Division 3 North"]
[Site "Doncaster, ENG"]
[Date "2018.05.06"]
[Round "10.75"]
[White "Gogia, Armaan"]
[Black "Cowan, Richard M"]
[Result "1-0"]
[WhiteElo "1825"]
[BlackElo "1869"]
[PlyCount "61"]
[EventDate "2018.05.06"]
[WhiteTeam "Ashfield-Breadsall 2"]
[BlackTeam "Jorvik"]

1. e4 c6 2. c4 e5 3. Nc3 Bc5 4. Nf3 Qf6 5. Be2 Ne7 6. O-O O-O 7. d3 h6 8. Na4
Na6 9. Nxc5 Nxc5 10. Be3 Ne6 11. d4 Ng6 12. dxe5 Nxe5 13. Nd4 Nf4 14. Nf5 Nxe2+
15. Qxe2 d5 16. f4 Nxc4 17. Bd4 Qd8 18. Nxg7 c5 19. Bxc5 Kxg7 20. Bxf8+ Kxf8
21. exd5 Qxd5 22. b3 Qd4+ 23. Kh1 Ne3 24. Rfe1 Ng4 25. Rf1 Be6 26. Rad1 Qe3 27.
Qb2 Rc8 28. f5 Bxb3 29. Qh8+ Ke7 30. f6+ Nxf6 31. Qxf6+ 1-0

[Event "4NCL Division 3 North"]
[Site "Doncaster, ENG"]
[Date "2018.05.06"]
[Round "10.76"]
[White "Anderson, Paul W"]
[Black "Lavelle, Terry"]
[Result "1-0"]
[WhiteElo "1774"]
[BlackElo "1565"]
[PlyCount "117"]
[EventDate "2018.05.06"]
[WhiteTeam "Jorvik"]
[BlackTeam "Ashfield-Breadsall 2"]

1. c4 Nf6 2. Nc3 c5 3. Nf3 Nc6 4. g3 g6 5. Bg2 Bg7 6. O-O d6 7. a3 Bg4 8. Rb1
Qc8 9. Re1 Bh3 10. Bh1 Rb8 11. d3 O-O 12. b4 b6 13. b5 Nd8 14. Bb2 Ne6 15. e4
Nd4 16. Nxd4 cxd4 17. Nd5 Nxd5 18. cxd5 e5 19. dxe6 Qxe6 20. Qa4 Rbc8 21. Bxd4
Bxd4 22. Qxd4 Qe5 23. Qa4 Rc3 24. d4 Qg5 25. Qb4 Rc2 26. Qxd6 Rfc8 27. Bg2 Bxg2
28. Kxg2 h5 29. Qf4 Qe7 30. Rb3 Ra2 31. Ree3 Rcc2 32. Rf3 Ra1 33. Rbc3 Rac1 34.
Rxc2 Rxc2 35. d5 Qd7 36. d6 Rc5 37. e5 Qe6 38. Rd3 Rxb5 39. Qd4 Qd7 40. Qe4 Rc5
41. e6 fxe6 42. Qxg6+ Kh8 43. Qf6+ Kg8 44. Qg6+ Kh8 45. Rf3 Rf5 46. Rxf5 exf5
47. Qxh5+ Kg7 48. Qg5+ Kf7 49. Qe7+ Qxe7 50. dxe7 Kxe7 51. Kf3 b5 52. Ke3 a5
53. Kd3 Kf6 54. h4 Ke5 55. f3 Kf6 56. g4 fxg4 57. fxg4 Ke5 58. h5 Kf6 59. Kd4
1-0

[Event "4NCL Division 3 North"]
[Site "Doncaster, ENG"]
[Date "2018.05.06"]
[Round "10.81"]
[White "Johnson, Paul A"]
[Black "Clark, Matthew DH"]
[Result "1/2-1/2"]
[WhiteElo "1831"]
[BlackElo "1907"]
[PlyCount "89"]
[EventDate "2018.05.06"]
[WhiteTeam "Bradford DCA Knights C"]
[BlackTeam "Shropshire 2"]

1. d4 Nf6 2. Bf4 d5 3. e3 e6 4. Nd2 c5 5. c3 Nc6 6. Bd3 Bd6 7. Bg3 c4 8. Bc2
Rb8 9. f4 g6 10. Ngf3 O-O 11. Ne5 Bd7 12. Qf3 b5 13. a3 a5 14. Bh4 Be7 15. O-O
Ne4 16. Nxc6 Bxc6 17. Bxe7 Nxd2 18. Qe2 Qxe7 19. Qxd2 b4 20. axb4 axb4 21. Ba4
Bxa4 22. Rxa4 bxc3 23. bxc3 Rb3 24. Rb4 Rb8 25. Rxb8+ Rxb8 26. Ra1 Qb7 27. h3
Qb2 28. Ra2 Qxd2 29. Rxd2 Rb3 30. Rc2 h5 31. g4 hxg4 32. hxg4 Kg7 33. Kg2 Kf6
34. Kf3 Ke7 35. e4 Kd6 36. e5+ Ke7 37. Kg3 Ra3 38. Kh4 Rb3 39. Kg5 Ra3 40. f5
exf5 41. gxf5 gxf5 42. Kxf5 Rb3 43. Kg5 Ke6 44. Rc1 Ra3 45. Rc2 1/2-1/2

[Event "4NCL Division 3 North"]
[Site "Doncaster, ENG"]
[Date "2018.05.06"]
[Round "10.83"]
[White "Braham, Peter"]
[Black "Hinchcliffe, Gary"]
[Result "1/2-1/2"]
[WhiteElo "1720"]
[BlackElo "1892"]
[PlyCount "49"]
[EventDate "2018.05.06"]
[WhiteTeam "Bradford DCA Knights C"]
[BlackTeam "Shropshire 2"]

1. e4 e6 2. d4 d5 3. Nd2 dxe4 4. Nxe4 Nd7 5. Nf3 Ngf6 6. Nxf6+ Nxf6 7. Bc4 c5
8. O-O cxd4 9. Nxd4 Qc7 10. Qe2 a6 11. Nf5 Qc5 12. Bd3 g6 13. Be3 Qc6 14. Nd4
Qd5 15. Nf3 Bg7 16. Rad1 Qc6 17. Ne5 Qc7 18. Nc4 Nd5 19. Bg5 O-O 20. Be4 b5 21.
Ne3 Bb7 22. Nxd5 Bxd5 23. Bxd5 exd5 24. c3 Qc4 25. Qxc4 1/2-1/2

[Event "4NCL Division 3 North"]
[Site "Doncaster, ENG"]
[Date "2018.05.06"]
[Round "10.84"]
[White "Desmedt, Richard"]
[Black "Clarke, Paul Rh"]
[Result "0-1"]
[WhiteElo "1825"]
[BlackElo "1731"]
[PlyCount "84"]
[EventDate "2018.05.06"]
[WhiteTeam "Shropshire 2"]
[BlackTeam "Bradford DCA Knights C"]

1. d4 d5 2. e3 Nf6 3. Bd3 Bg4 4. f3 Bh5 5. Nh3 Bg6 6. O-O e6 7. f4 c5 8. c3
Nbd7 9. Nf2 Be7 10. Qf3 Bxd3 11. Nxd3 O-O 12. Nd2 b5 13. Ne5 b4 14. Nc6 Qe8 15.
Nxe7+ Qxe7 16. cxb4 cxb4 17. e4 dxe4 18. Nxe4 Nxe4 19. Qxe4 Nf6 20. Qd3 Rfd8
21. Be3 Qd6 22. Rad1 Qd5 23. Qb3 a5 24. g3 a4 25. Qxd5 Nxd5 26. Bd2 b3 27. a3
g6 28. Rc1 Rac8 29. Rxc8 Rxc8 30. Rc1 Rxc1+ 31. Bxc1 Kf8 32. Kf2 Ke7 33. Ke2
Kd6 34. Kd3 Nb6 35. Kc3 Kd5 36. Kb4 Kxd4 37. Kb5 Kd3 38. Kxb6 Kc2 39. Be3 Kxb2
40. Kb5 Kxa3 41. Bc5+ Ka2 42. Bd4 a3 0-1

[Event "4NCL Division 3 North"]
[Site "Doncaster, ENG"]
[Date "2018.05.06"]
[Round "10.85"]
[White "Mahoney, Nicholas"]
[Black "Ross, Stuart"]
[Result "1-0"]
[WhiteElo "1707"]
[BlackElo "1675"]
[PlyCount "133"]
[EventDate "2018.05.06"]
[WhiteTeam "Bradford DCA Knights C"]
[BlackTeam "Shropshire 2"]

1. d4 Nf6 2. c4 g6 3. Nc3 d5 4. Nf3 Bg7 5. Qb3 c6 6. e3 O-O 7. Be2 Qb6 8. O-O
Bg4 9. h3 Bxf3 10. Bxf3 Nbd7 11. cxd5 Qxb3 12. axb3 Rfc8 13. dxc6 bxc6 14. Ra6
Nb6 15. Na4 Nfd5 16. Bd2 Nc7 17. Rxb6 axb6 18. Nxb6 e5 19. Bc3 Nd5 20. Nxa8
exd4 21. Bxd4 Bxd4 22. exd4 Rxa8 23. Rc1 Ra6 24. Be2 Rb6 25. Bc4 Rb4 26. Rc2
Kf8 27. Kf1 h5 28. h4 Ke7 29. Ke2 Kd6 30. g3 f6 31. Kd3 Rb7 32. Re2 g5 33. hxg5
fxg5 34. Re5 Rg7 35. Ke4 h4 36. Bxd5 cxd5+ 37. Rxd5+ Kc6 38. Rc5+ Kb6 39. gxh4
Re7+ 40. Kf3 gxh4 41. Rh5 Rf7+ 42. Kg2 Rf4 43. d5 Kc7 44. Rh6 Rb4 45. Rc6+ Kd7
46. Rc4 Rxb3 47. Rxh4 Rxb2 48. Rd4 Rb3 49. f3 Kd6 50. Kg3 Rb8 51. f4 Rg8+ 52.
Kf3 Rf8 53. Rd2 Rf7 54. Ke4 Re7+ 55. Kf5 Rf7+ 56. Kg5 Rg7+ 57. Kf6 Rg1 58. f5
Rf1 59. Kg6 Rg1+ 60. Kf7 Rf1 61. f6 Rg1 62. Kf8 Rg3 63. f7 Rg4 64. Re2 Ra4 65.
Re8 Kxd5 66. Kg7 Ra7 67. Kg6 1-0

[Event "4NCL Division 3 North"]
[Site "Doncaster, ENG"]
[Date "2018.05.06"]
[Round "10.86"]
[White "Peck, Windsor W A"]
[Black "Ther, Mate"]
[Result "0-1"]
[WhiteElo "1555"]
[BlackElo "1590"]
[PlyCount "68"]
[EventDate "2018.05.06"]
[WhiteTeam "Shropshire 2"]
[BlackTeam "Bradford DCA Knights C"]

1. d4 Nf6 2. Bf4 b6 3. e3 Bb7 4. Nd2 e6 5. Ngf3 c5 6. c3 Nc6 7. Qc2 Rc8 8. Qd3
Be7 9. h3 O-O 10. Be2 Nd5 11. Bh2 f5 12. O-O cxd4 13. exd4 d6 14. a3 Bf6 15.
Rfe1 g6 16. Rad1 Re8 17. c4 Nc7 18. Bf1 e5 19. dxe5 dxe5 20. Qc2 Qe7 21. Nb3
Qg7 22. Qd2 e4 23. Bxc7 Rxc7 24. Qf4 Rce7 25. Nfd4 Nxd4 26. Nxd4 Bxd4 27. Qc1
e3 28. fxe3 Rxe3 29. Rxe3 Rxe3 30. Qxe3 Bxe3+ 31. Kh1 Bd4 32. c5 Qh6 33. Bc4+
Kg7 34. Rxd4 Qxh3+ 0-1

[Event "4NCL Division 3 North"]
[Site "Doncaster, ENG"]
[Date "2018.05.06"]
[Round "10.91"]
[White "Kildea, Robbie"]
[Black "Darwen, David"]
[Result "0-1"]
[WhiteElo "1680"]
[BlackElo "1937"]
[PlyCount "40"]
[EventDate "2018.05.06"]
[WhiteTeam "Enniscorthy"]
[BlackTeam "3Cs 3"]

1. e4 c6 2. d4 d5 3. f3 dxe4 4. fxe4 e5 5. Nf3 exd4 6. Bc4 Be6 7. Bxe6 fxe6 8.
O-O g6 9. Nxd4 Bc5 10. Be3 e5 11. Qf3 Qe7 12. Nb3 Bxe3+ 13. Qxe3 Nd7 14. Nc3
Ngf6 15. Rad1 O-O 16. Qd3 Kg7 17. Na5 Qc5+ 18. Kh1 Qxa5 19. Qd6 Rae8 20. Rf3
Qd8 0-1

[Event "4NCL Division 3 North"]
[Site "Doncaster, ENG"]
[Date "2018.05.06"]
[Round "10.92"]
[White "Ye, Kevin"]
[Black "Copeland, Dean"]
[Result "1/2-1/2"]
[WhiteElo "1832"]
[BlackElo "1672"]
[PlyCount "45"]
[EventDate "2018.05.06"]
[WhiteTeam "3Cs 3"]
[BlackTeam "Enniscorthy"]

1. e4 c5 2. c3 d5 3. exd5 Qxd5 4. d4 Nf6 5. Nf3 Bg4 6. Be2 e6 7. O-O Nc6 8. h3
Bh5 9. Be3 cxd4 10. cxd4 Be7 11. Nc3 Qd6 12. Qd2 O-O 13. Rfd1 Rfd8 14. Bf4 Qd7
15. Ne5 Nxe5 16. dxe5 Qxd2 17. Rxd2 Rxd2 18. Bxd2 Bxe2 19. exf6 Bb4 20. Nxe2
Bxd2 21. fxg7 Rd8 22. Rd1 Bg5 23. Rxd8+ 1/2-1/2

[Event "4NCL Division 3 North"]
[Site "Doncaster, ENG"]
[Date "2018.05.06"]
[Round "10.93"]
[White "Pocevicius, Dovydas"]
[Black "Tebelev, Michael"]
[Result "0-1"]
[WhiteElo "1654"]
[BlackElo "1855"]
[PlyCount "48"]
[EventDate "2018.05.06"]
[WhiteTeam "Enniscorthy"]
[BlackTeam "3Cs 3"]

1. e4 e6 2. f4 d5 3. exd5 exd5 4. Nf3 Nf6 5. Bb5+ c6 6. Ba4 Bd6 7. d4 O-O 8.
O-O Bf5 9. Ne5 Ne4 10. Nd2 f6 11. Nxe4 Bxe4 12. Ng4 Nd7 13. f5 Qc7 14. h3 Rae8
15. Bb3 Rf7 16. Bd2 Rfe7 17. h4 Kh8 18. h5 h6 19. c3 Bd3 20. Rf3 Be2 21. Qc1
Bxf3 22. gxf3 Re2 23. Be3 R8xe3 24. Nxe3 Bf4 0-1